| 000 | 01004nam a2200277 a 4500 | ||
|---|---|---|---|
| 001 | 014658871 | ||
| 003 | Uk | ||
| 005 | 20130207104157.0 | ||
| 008 | 080702s2008 xxca b 001 0 eng d | ||
| 020 | _a1550093339 | ||
| 020 | _a9781550093339 : | ||
| 082 | 0 | 4 |
_a617.6342 _222 _bING |
| 245 | 0 | 0 | _aIngle's Endodontics 6. |
| 246 | 3 | _aEndodontics 6 | |
| 250 |
_a6th ed. / _b[edited by] John I. Ingle, Leif K. Bakland, J. Craig Baumgartner. |
||
| 260 |
_aHamilton, Ont. : _bBC Decker ; _aMaidenhead : _bMcGraw-Hill Education [distributor], _cc2008. |
||
| 300 |
_axxv, 1555 p. : _bill. (some col.) ; _c29 cm. + _e1 DVD. |
||
| 500 | _aPrevious ed. published as: Endodontics / John I. Ingle, Leif K. Bakland. 2002. | ||
| 504 | _aIncludes bibliographical references and index. | ||
| 650 | 0 |
_aEndodontics. _932481 |
|
| 653 |
_bDent _cFebruary2013 |
||
| 700 | 1 |
_aIngle, John Ide, _d1919- _tEndodontics. _932482 |
|
| 700 | 1 |
_aBakland, Leif K. _932483 |
|
| 700 | 1 |
_aBaumgartner, J. Craig. _932484 |
|
| 942 |
_2ddc _cBB |
||
| 999 |
_c17255 _d17227 |
||